| 000 | 00371cam a2200169ua 4500 | ||
|---|---|---|---|
| 001 | 7240 | ||
| 008 | 060101n II |||gr||||Z||||||asm | ||
| 040 | _aMAIN | ||
| 041 | _aEnglish | ||
| 082 | _a891.451 DEV | ||
| 100 | _aDEVI , NALINIBALA . | ||
| 245 | _aPARASH MONI | ||
| 260 |
_a[s.l: _bs.n.] _c1958. |
||
| 300 | _a146. | ||
| 653 | _aASSAMESE LITERATURE | ||
| 942 | _cBK | ||
| 999 |
_c7225 _d7225 |
||